[Event "Druzynowe Mistrzostwa Polski - II Liga 2023"]
[Site "Jastrzebia Gora"]
[Date "1899-12-30"]
[Round "8.122"]
[White "Kielbratowski, Aleksander"]
[Black "Wisniewski, Adam"]
[Result "1/2-1/2"]
[WhiteTitle "I+"]
[BlackTitle "I+"]
[WhiteElo "1969"]
[BlackElo "1929"]

1. e4 e6 2. d4 d5 3. e5 c5 4. c3 Nc6 5. Nf3 Qb6 6. Bd3 cxd4 7. O-O Bd7 8. Re1 Rc8
9. a3 a6 10. b4 Nge7 11. h4 dxc3 12. Nxc3 Nd4 13. Bb2 Nxf3+ 14. Qxf3 Nc6 15. Qh5
g6 16. Qg5 Be7 17. Na4 Qd8 18. Qh6 Bf8 19. Qf4 Be7 20. Nc5 Bxc5 21. bxc5 Na5 22.
Qh6 Nb3 23. Rad1 Rxc5 24. Qg7 Rf8 25. Qxh7 Ba4 26. Bb1 Qe7 27. Rd3 Kd7 28. Rf3
Nd2 29. Rf4 Rb5 30. Bc3 Nxb1 31. Bb4 Rxb4 32. Rxb4 Bc6 33. Rexb1 Kc7 34. Rf4 Kd7
35. a4 Ke8 36. a5 g5 37. Rf6 gxh4 38. Qxh4 Qa3 39. Qh5 Ke7 40. Rf3 Qxa5 1/2-1/2

[Event "Druzynowe Mistrzostwa Polski - II Liga 2023"]
[Site "Jastrzebia Gora"]
[Date "1899-12-30"]
[Round "8.123"]
[White "Szmidt, Przemyslaw"]
[Black "Kielek, Andrzej"]
[Result "1-0"]
[WhiteTitle "I++"]
[BlackTitle "I++"]
[WhiteElo "1824"]
[BlackElo "1897"]

1. e4 c5 2. a3 Nc6 3. b4 cxb4 4. axb4 Nxb4 5. c3 Nc6 6. d4 d5 7. exd5 Qxd5 8. Na3
e5 9. Nb5 Bd6 10. c4 Qe4+ 11. Be2 Bb8 12. Nf3 Bd7 13. O-O Nge7 14. Ng5 Qf5 15.
Bd3 Qf6 16. Ne4 Qh4 17. Bg5 Qg4 18. f3 Qh5 19. g4 Qg6 20. Ned6+ Qxd6 21. Nxd6+
Bxd6 22. c5 Bc7 23. Bxe7 Nxe7 24. Be4 1-0

[Event "Druzynowe Mistrzostwa Polski - II Liga 2023"]
[Site "Jastrzebia Gora"]
[Date "1899-12-30"]
[Round "8.124"]
[White "Kielbratowski, Maciej"]
[Black "Wisniewski, Szymon"]
[Result "1/2-1/2"]
[WhiteTitle "II+"]
[BlackTitle "I+"]
[WhiteElo "1687"]
[BlackElo "1754"]

1. d4 Nf6 2. c4 g6 3. Nc3 Bg7 4. e4 d6 5. f3 O-O 6. Be3 Nbd7 7. Qd2 c5 8. Nge2
cxd4 9. Nxd4 Re8 10. Bh6 Bh8 11. h4 Ne5 12. O-O-O Bd7 13. g4 Rc8 14. h5 Nxc4 15.
Bxc4 Rxc4 16. hxg6 fxg6 17. Nc2 Be6 18. e5 Nd7 19. f4 Bf7 20. Rhe1 Nc5 21. b3
Rxc3 22. Qxc3 Qb6 23. Bg5 Rc8 24. Kb1 Rc7 25. Qb4 Qa6 26. Re3 Ne6 1/2-1/2

[Event "Druzynowe Mistrzostwa Polski - II Liga 2023"]
[Site "Jastrzebia Gora"]
[Date "1899-12-30"]
[Round "8.125"]
[White "Mioduszewski, Szymon"]
[Black "Kolodziejski, Grzegorz"]
[Result "1/2-1/2"]
[WhiteTitle "II"]
[BlackTitle "II"]
[WhiteElo "1534"]
[BlackElo "1552"]

1. e4 c5 2. Nf3 Nc6 3. c3 d5 4. exd5 Qxd5 5. d4 cxd4 6. cxd4 Bg4 7. Nc3 Qd8 8.
Be3 e6 9. Be2 Bb4 10. O-O Nge7 11. Ne5 Bxe2 12. Qxe2 O-O 13. Rfd1 Rc8 14. Nxc6
Rxc6 15. Rac1 Nd5 16. Nxd5 Qxd5 17. a3 Ba5 18. Rc5 Qd8 19. Rxc6 bxc6 20. Rc1 Qd5
21. Rc5 Qd8 22. Rxc6 Bb6 23. Qd2 Qd5 24. Rc1 Rd8 25. Rd1 h6 26. h3 Qb3 27. Qe2
e5 28. d5 Bxe3 29. fxe3 Rxd5 30. Rxd5 Qxd5 31. Qc2 e4 32. b4 f5 33. Qc8+ Kh7 34.
Qc5 Qd1+ 35. Kh2 Qf1 36. Qxa7 f4 37. Qf7 f3 38. gxf3 Qf2+ 39. Kh1 exf3 40. Qf5+
Kg8 41. Qd5+ Kh8 42. Qa8+ Kh7 43. Qe4+ Kg8 44. Qe8+ Kh7 45. Qe4+ 1/2-1/2

[Event "Druzynowe Mistrzostwa Polski - II Liga 2023"]
[Site "Jastrzebia Gora"]
[Date "1899-12-30"]
[Round "8.126"]
[White "Dziopa, Malgorzata"]
[Black "Lukasiewicz, Anna"]
[Result "0-1"]
[WhiteTitle "I++"]
[BlackTitle "m"]
[WhiteElo "1727"]
[BlackElo "1805"]

1. d4 d5 2. c4 e6 3. Nc3 Be7 4. Nf3 Nf6 5. Bg5 h6 6. Bh4 O-O 7. e3 b6 8. cxd5 Nxd5
9. Bxe7 Qxe7 10. Nxd5 exd5 11. Rc1 Be6 12. Be2 c5 13. Ne5 Rc8 14. O-O Nd7 15.
Nxd7 Qxd7 16. f3 Qb7 17. Qc2 cxd4 18. Qa4 Rxc1 19. Rxc1 dxe3 20. Qd4 Rc8 21. Qxe3
Rxc1+ 22. Qxc1 Qe7 23. Kf1 Qc5 24. Qd2 a5 25. a3 Qd6 26. g3 Bh3+ 27. Kf2 Qc5+
28. Qe3 Be6 29. Bd3 Kf8 30. Ke2 Qxe3+ 31. Kxe3 Ke7 32. Kd4 Kd6 33. b4 axb4 34.
axb4 Bd7 35. h4 Ba4 36. f4 Bd1 37. Ke3 Kc6 38. Kd4 Bf3 39. b5+ Kd6 40. Bf1 Be4
41. Bh3 Bc2 42. Bf1 f6 43. Bg2 Bb3 44. Bf1 g5 45. hxg5 fxg5 46. fxg5 hxg5 47.
Bg2 Bc4 48. Bf3 Bxb5 49. Bxd5 Be2 50. Bb3 Kc6 51. Ke3 Bg4 52. Ke4 Kc5 53. Kd3
b5 54. Kc3 b4+ 55. Kd3 Bf5+ 56. Ke3 Bd7 57. Ke4 g4 58. Ke5 Bc6 59. Bd1 Bf3 60.
Bb3 Be2 61. Kf5 Kd4 62. Be6 Kc3 63. Kf4 b3 64. Ke3 Bd1 65. Kf4 b2 66. Ba2 Kd2
0-1

[Event "Druzynowe Mistrzostwa Polski - II Liga 2023"]
[Site "Jastrzebia Gora"]
[Date "1899-12-30"]
[Round "8.127"]
[White "Malik, Maciej"]
[Black "Gierulski, Kamil"]
[Result "1-0"]
[WhiteTitle "k"]
[BlackTitle "k++"]
[WhiteElo "2023"]
[BlackElo "2256"]

1. e4 e5 2. Nf3 Nc6 3. d4 exd4 4. Nxd4 Nf6 5. Nxc6 bxc6 6. Qe2 a5 7. Nc3 Ba6 8.
Qf3 Bxf1 9. Rxf1 Bd6 10. Bf4 Bxf4 11. Qxf4 O-O 12. O-O-O d5 13. g4 h6 14. h4 Qe7
15. exd5 Nxd5 16. Nxd5 cxd5 17. Rxd5 Qe6 18. Qf5 Qb6 19. Rb5 Qc6 20. Rd1 a4 21.
a3 Rad8 22. Rbd5 Rb8 23. Qd3 Qf6 24. Qd4 Qxh4 25. g5 hxg5 26. Qxh4 gxh4 27. Rh1
Rfe8 28. Rxh4 Re1+ 29. Kd2 Rbe8 30. Rf4 f6 31. Rd7 c6 32. Rdd4 Rb1 33. Kc3 Re2
34. Rde4 Rxe4 35. Rxe4 Rf1 36. f4 Kf7 37. Rxa4 Ke6 38. Kd3 Kf5 39. Ke3 Re1+ 40.
Kf2 Rb1 41. b3 Ra1 42. Rc4 Rxa3 43. Ra4 Rxa4 44. bxa4 Ke6 45. f5+ Kd5 46. a5 Kc5
47. c4 Kd6 48. Ke3 c5 49. Ke4 Kc6 50. a6 Kb6 51. Kd5 Kxa6 52. Kxc5 Ka7 53. Kd6
Kb7 54. c5 Kc8 55. c6 Kd8 56. c7+ Kc8 57. Kc6 1-0

[Event "Druzynowe Mistrzostwa Polski - II Liga 2023"]
[Site "Jastrzebia Gora"]
[Date "1899-12-30"]
[Round "8.128"]
[White "Babiarz, Arkadiusz"]
[Black "Miszczak, Dariusz"]
[Result "1-0"]
[WhiteTitle "I++"]
[BlackTitle "I+"]
[WhiteElo "2046"]
[BlackElo "1967"]

1. e4 c5 2. Nf3 d6 3. c3 Nf6 4. h3 g6 5. Bd3 Bg7 6. Bc2 Nc6 7. O-O O-O 8. d4 cxd4
9. cxd4 Nb4 10. Bb3 a5 11. a3 Nc6 12. Nc3 e5 13. d5 Ne7 14. Be3 b5 15. Nd2 Ba6
16. Re1 Nd7 17. a4 b4 18. Nb5 Bxb5 19. axb5 f5 20. f3 h6 21. Nc4 Nc8 22. Ra2 Kh7
23. Qa1 fxe4 24. fxe4 Qh4 25. Rxa5 Rxa5 26. Nxa5 Nc5 27. Bc2 b3 28. Nxb3 Nxb3
29. Bxb3 Qxe4 30. Qa4 Qxa4 31. Bxa4 Ne7 32. Rd1 Bf6 33. b6 Nf5 34. Bf2 e4 35.
b7 e3 36. Be1 Bd4 37. Rc1 Ba7 38. Rc8 Kg8 39. Ra8 Bb8 40. Bd1 Nd4 41. Bf3 h5 42.
Bc3 Nb5 43. Ba5 Kf7 44. Kf1 Re8 45. Bb6 Kf6 46. Be2 1-0

[Event "Druzynowe Mistrzostwa Polski - II Liga 2023"]
[Site "Jastrzebia Gora"]
[Date "1899-12-30"]
[Round "8.129"]
[White "Spyra, Piotr"]
[Black "Ziemniak, Piotr"]
[Result "1/2-1/2"]
[WhiteTitle "I"]
[BlackTitle "I+"]
[WhiteElo "1850"]
[BlackElo "1793"]

1. e4 c5 2. c3 d6 3. d4 Nc6 4. Nf3 Nf6 5. Bd3 cxd4 6. cxd4 g6 7. Nc3 Bg7 8. h3
O-O 9. Be3 e5 10. d5 Nb4 11. Be2 a5 12. O-O Bd7 13. a3 Na6 14. Nd2 Qb8 15. Nc4
Qc7 16. Bb6 Qb8 17. Nxa5 Nc5 18. f3 Rxa5 19. Bxa5 Qa7 20. Kh2 Bh6 21. g3 Nh5 22.
f4 exf4 23. Bxh5 fxg3+ 24. Kxg3 Qxa5 25. b4 Qd8 26. Bg4 f5 27. bxc5 fxg4 28. hxg4
Bg7 29. Rxf8+ Qxf8 30. Qd2 Be5+ 31. Kg2 Bxg4 32. Qe3 Qf6 33. Rf1 Qh4 34. Rh1 Qf6
35. Rf1 Qh4 36. Rh1 Qf6 1/2-1/2

[Event "Druzynowe Mistrzostwa Polski - II Liga 2023"]
[Site "Jastrzebia Gora"]
[Date "1899-12-30"]
[Round "8.130"]
[White "Wozniak, Grzegorz"]
[Black "Wodecki, Daniel"]
[Result "1/2-1/2"]
[WhiteTitle "I"]
[BlackTitle "I"]
[WhiteElo "1638"]
[BlackElo "1905"]

1. Nf3 Nf6 2. d4 e6 3. e3 b6 4. Bd3 Bb7 5. Nbd2 d5 6. O-O Bd6 7. c3 Nbd7 8. Qc2
O-O 9. e4 dxe4 10. Nxe4 Nxe4 11. Bxe4 Bxe4 12. Qxe4 Nf6 13. Qc2 h6 14. Bd2 Qc8
15. Rad1 Rd8 16. Rfe1 Qb7 17. h3 b5 18. Ne5 Bxe5 19. dxe5 Nd5 20. Qe4 Rd7 21.
b3 c6 22. c4 bxc4 23. Qxc4 Qb5 24. Qc2 a5 25. a3 Rb8 26. Rb1 c5 27. Rec1 Rdb7
28. Qxc5 Qxc5 29. Rxc5 Rxb3 30. Rxb3 Rxb3 31. Rxa5 Rb1+ 32. Kh2 Rb2 33. Bb4 Nxb4
34. axb4 1/2-1/2

[Event "Druzynowe Mistrzostwa Polski - II Liga 2023"]
[Site "Jastrzebia Gora"]
[Date "1899-12-30"]
[Round "8.131"]
[White "Kotula, Pawel"]
[Black "Wasik, Roman"]
[Result "0-1"]
[WhiteTitle "I"]
[BlackTitle "I"]
[WhiteElo "1712"]
[BlackElo "1381"]

1. d4 Nf6 2. c4 d6 3. Nc3 g6 4. e4 Bg7 5. f3 O-O 6. Be3 Nc6 7. Qd2 a6 8. g4 e5
9. d5 Nd4 10. h4 h5 11. g5 Ne8 12. Bxd4 exd4 13. Nce2 c5 14. dxc6 bxc6 15. Nxd4
Qb6 16. O-O-O Rb8 17. Nge2 d5 18. Nf4 dxe4 19. Nb3 exf3 20. c5 Qb7 21. Bd3 Bg4
22. Be4 Nc7 23. Qd6 Nd5 24. Nxd5 cxd5 25. Bxd5 Qb4 26. Rd2 a5 27. Rhh2 a4 28.
a3 Qb5 29. Nd4 Qe8 30. Nxf3 Qe3 31. Rhe2 Bxb2+ 32. Kd1 Bxf3 33. Bxf3 Qxf3 34.
Rd3 Qg4 35. c6 Ba1 36. Qe7 Rb1+ 37. Kd2 Rb2+ 38. Kd1 Rxe2 39. Qxe2 Qxe2+ 40. Kxe2
Rc8 41. Rd1 Bb2 42. Rb1 Bxa3 43. Ra1 Bc5 44. Rxa4 Rxc6 45. Kf3 Rd6 46. Rc4 Bb6
47. Ra4 Kf8 48. Re4 Rd3+ 49. Kg2 Rd4 50. Re5 Rxh4 51. Rb5 Rg4+ 52. Kh3 Be3 53.
Rb8+ Kg7 54. Rb3 Bxg5 55. Rb7 Re4 56. Rb5 Kf6 57. Rb6+ Re6 58. Rb5 Re3+ 59. Kg2
Re5 60. Rb6+ Kf5 61. Rb7 f6 62. Kh3 Re3+ 63. Kg2 Bf4 64. Rb2 h4 65. Ra2 Rd3 66.
Ra5+ Be5 67. Ra4 h3+ 68. Kf2 g5 69. Ke2 Rg3 70. Kf2 h2 71. Rd4 h1=Q 72. Rd1 Qg2+
73. Ke1 Re3# 0-1

[Event "Druzynowe Mistrzostwa Polski - II Liga 2023"]
[Site "Jastrzebia Gora"]
[Date "1899-12-30"]
[Round "8.132"]
[White "Szelag, Zuzanna"]
[Black "Szymura, Oliwia"]
[Result "1-0"]
[WhiteTitle "k"]
[BlackTitle "II+"]
[WhiteElo "1783"]
[BlackElo "1176"]

1. e4 e6 2. d4 d5 3. e5 c5 4. c3 Nc6 5. Nf3 f6 6. Bd3 cxd4 7. cxd4 Qb6 8. O-O Nge7
9. Nc3 f5 10. a3 a6 11. b4 Nxd4 12. Nxd4 Bd7 13. Be3 f4 14. Bxf4 g5 15. Bxg5 O-O-O
16. Be3 Qc7 17. Rc1 Qxe5 18. Nxd5+ Nc6 19. Nb6+ Kb8 20. Nxd7+ Rxd7 21. Rxc6 Rxd4
22. Bxd4 Qxd4 23. Rxe6 Bd6 24. Bf5 Qf4 25. Qxd6+ Qxd6 26. Rxd6 Rf8 27. Bxh7 Rf7
28. Bg6 Rc7 29. h4 Ka7 30. Rfd1 Rc3 31. Rd7 Rxa3 32. Be4 Kb6 33. Rxb7# 1-0